Memphis Football: Top 10 All-Time Leaders - Statistics

General Stats
  • This quiz has been taken 4 times
  • The average score is 24 of 58
Answer Stats
Category # Player Amount % Correct
Passing Yards 4 Paxton Lynch 8,863
100%
Passing Yards 1 Seth Henigan 14,266
100%
Receiving Yards 1 Anthony Miller 3,590
67%
Passing Yards 2 Brady White 10,690
67%
Sacks T5 Bryce Huff 18.0
67%
Receiving Yards 4 Calvin Austin III 2,541
67%
Receiving Yards 3 Damonte Coxie 2,948
67%
Rushing Yards 2 Darrell Henderson 3,545
67%
Rushing Yards 1 DeAngelo Williams 6,026
67%
Rushing Yards 3 Patrick Taylor Jr. 2,884
67%
Passing Yards 5 Riley Ferguson 7,955
67%
Receiving Yards 5 Roc Taylor 2,375
67%
Sacks T7 Andre Arnold 17.0
33%
Passing Yards 10 Bernard Oden 2,686
33%
Interceptions T5 Bill Brundzo 12
33%
Interceptions T5 Bobby McCain 12
33%
Rushing Yards 6 Brandon Hayes 2,385
33%
Sacks T10 Brian Barnett 15.0
33%
Receiving Yards 6 Carlos Singleton 2,365
33%
Rushing Yards 5 Curtis Steele 2,462
33%
Receiving Yards 9 Damien Dodson 2,096
33%
Passing Yards 7 Danny Sparkman 4,311
33%
Passing Yards 3 Danny Wimprine 10,215
33%
Tackles 1 Danton Barto 473
33%
Rushing Yards 4 Dave Casinelli 2,636
33%
Interceptions 1 David Berrong 17
33%
Receiving Yards 2 Duke Calhoun 2,981
33%
Tackles 3 Eric Fairs 435
33%
Interceptions T3 Eric Harris 13
33%
Receiving Yards 7 Ernest Gray 2,123
33%
Rushing Yards 7 Gerard Arnold 2,378
33%
Interceptions T5 Glenn Rogers Jr. 12
33%
Interceptions T3 Glenn Sumter 13
33%
Tackles T7 Jerry Dandridge 368
33%
Interceptions 2 Jerry Todd 16
33%
Sacks T10 Jonathan Wilson 15.0
33%
Rushing Yards 8 Joseph Doss 2,339
33%
Tackles 4 Kamal Shakir 416
33%
Tackles 5 Keith Butler 384
33%
Interceptions 9 Keith Spann 11
33%
Rushing Yards 9 Larry Porter 2,194
33%
Passing Yards 8 Lloyd Patterson 4,201
33%
Sacks 4 Marlon Brown 19.0
33%
Sacks 3 Marquis Bowling 20.0
33%
Passing Yards 6 Martin Hankins 5,770
33%
Sacks 1 Martin Ifedi 22.5
33%
Sacks T7 Marvin Thomas 17.0
33%
Tackles 2 Michael Thomas 454
33%
Tackles T7 Octavian Sharp 368
33%
Rushing Yards 10 Paul Gowen 2,164
33%
Receiving Yards 8 Phil Mayhue 2,110
33%
Receiving Yards 10 Sean Dykes 1,826
33%
Interceptions T5 Steve Jaggard 12
33%
Passing Yards 9 Steve Matthews 3,980
33%
Sacks T5 Tim Harris 18.0
33%
Tackles 6 Todd Ondra 372
33%
Sacks T7 Tony Brown 17.0
33%
Sacks 2 Tramont Lawless 22.0
33%
No matching quizzes found
Score Distribution
Percent of People with Each Score
Percentile by Number Answered
Your Score History
You have not taken this quiz